[Event "Silver Lake Open-A 2018"]
[Site "Veliko Gradiste"]
[Date "2018.06.19"]
[Round "4"]
[White "Vafiadis, Kleanthis"]
[Black "Milanovic, Danilo"]
[Result "0-1"]
[WhiteElo "2247"]
[BlackElo "2461"]
[Annotator "TA"]
[PlyCount "106"]
[EventDate "2018.06.17"]
[EventType "swiss"]
[EventCountry "SRB"]
[SourceTitle "playchess.com"]
[Source "ChessBase"]
[SourceQuality "1"]

{[%evp 15,106,34,46,5,4,-15,-15,-14,-18,-20,18,-30,-42,-54,-67,-61,-56,-62,-52,-64,-73,-125,-123,-111,-68,-202,-121,-121,-122,-146,-78,-83,-75,-81,-83,-116,-121,-124,-124,-122,-125,-142,-120,-152,-114,-120,-100,-106,-67,-76,0,-119,-100,-125,-80,-80,-80,-80,-66,-83,-85,-110,-80,-254,-86,-280,-280,-280,-244,-447,-447,-595,-335,-376,-368,-382,-374,-1148,-1160,-1010,-1097,-1061,-1029,-935,-869,-883,-858,-806,-717,-5306,-1706,-29977,-29976]} 1. Nf3 Nf6 2. c4 d6 3. d4 g6 4. Nc3 Bf5 5. g3 Ne4 6. Nxe4 {E61: King's Indian: Early deviations for White, including Smyslov System} (6. Bd2 Bg7 7. Bg2 Nxd2 8. Qxd2 O-O 9. O-O Nc6 10. d5 Na5 11. b3 c5 12. e4 Bd7 13. Rae1 Qc7 {½-½ (90) Onischuk,A (2667)-Caruana,F (2817) Saint Louis 2017 CBM 178 [Yermolinsky,A]}) 6... Bxe4 7. Bh3 Bg7 8. O-O O-O {LiveBook: 12 Games} 9. Ng5 Bc6 $1 10. f4 $146 ({Predecessor:} 10. d5 Bd7 11. Bg2 a5 12. Rb1 Na6 13. Be3 Bf5 {0-1 (43) Yuffa,D (2527)-Zvjaginsev,V (2643) Moscow 2017}) 10... d5 11. c5 Bd7 12. Bg2 e6 13. e3 b6 14. b4 a5 15. cxb6 axb4 16. Bd2 Nc6 17. bxc7 Qxc7 18. Qc2 ({White should try} 18. Rf2) 18... Qb6 $17 {Strongly threatening ...Nxd4!} 19. Nf3 Ra3 {[%cal Rc6d4] Hoping for ...Nxd4!} 20. Ne5 (20. Rfb1 $15) 20... Nxe5 (20... Nxd4 $1 $19 21. Qb2 (21. exd4 Bxe5 22. fxe5 Qxd4+ 23. Kh1 Rc8 $19) 21... Bxe5 22. fxe5 Ne2+ 23. Kh1 Rb8) 21. fxe5 Bh6 22. Rab1 {[#]} Bxe3+ (22... Rc8 $142 $1 {[%cal Rc8c2]} 23. Qb2 Rca8) 23. Bxe3 Rxe3 24. Qd2 Ra3 25. Rxb4 {[#]} Rxa2 $1 {[%mdl 512]} 26. Qxa2 Qxb4 27. Qf2 Bb5 28. Rd1 Rc8 29. h4 Qb3 30. Rd2 Qb1+ 31. Kh2 Qf5 32. Qe3 Qb1 ({Black should play} 32... Ra8 $17) 33. Qg5 (33. Qf2 $1 $11) 33... Qc1 34. h5 Be8 35. h6 Kf8 36. Qf4 Rc7 37. Qf2 Rc3 38. Bh3 {[#]} Rf3 $1 $36 {[%cal Rf3f2][%mdl 2560] Black has strong initiative.} 39. Qxf3 $2 (39. Qe2 $17) 39... Qxd2+ $19 40. Bg2 $2 (40. Kh1 $17) 40... Qxh6+ 41. Kg1 Qd2 42. Qa3+ $2 (42. Qf2 {only move.} Qc3 43. Kh2) 42... Kg7 43. Qc5 Qg5 44. Kh2 Ba4 45. Qc3 Bd1 46. Bh3 $2 (46. Bf1) 46... Qh5 47. Kg2 Bg4 48. Bxg4 Qxg4 {KQ-KQ} 49. Qe3 Qf5 50. Kh2 g5 51. Qd2 Kg6 52. Qe3 Qf1 53. Qd2 Kh5 {Precision: White = 30%, Black = 64%.} 0-1

[Event "Silver Lake Open-A 2018"]
[Site "Veliko Gradiste"]
[Date "2018.06.20"]
[Round "5"]
[White "Georgiev, Kiril"]
[Black "Pikula, Dejan"]
[Result "1-0"]
[WhiteElo "2590"]
[BlackElo "2471"]
[Annotator "TA"]
[PlyCount "53"]
[EventDate "2018.06.17"]
[EventType "swiss"]
[EventCountry "SRB"]
[SourceTitle "playchess.com"]
[Source "ChessBase"]
[SourceQuality "1"]

{[%evp 17,53,7,7,7,7,7,6,0,0,-6,2,0,11,0,0,0,4,0,22,20,21,20,112,122,118,114,116,114,122,92,88,97,229,91,1079,1069,1235,895]} 1. d4 Nf6 2. c4 e6 3. Nf3 d5 4. g3 Bb4+ 5. Bd2 Be7 6. Bg2 O-O 7. O-O c6 8. Qb3 b6 9. cxd5 cxd5 10. Rc1 {E11: Damenindisch (Bogoljubow-Variante)} Bb7 11. Ne5 (11. Bb4 Nc6 12. Bxe7 Qxe7 13. Nc3 Rac8 14. e3 Na5 15. Qd1 Nc4 16. b3 Nd6 17. Ne5 Rc7 {½-½ (60) Georgiev,K (2648)-Ladva,O (2335) Puhajarve 2013}) 11... Nfd7 12. Nd3 {Die Stellung ist ausgeglichen.} Nc6 13. e3 Rc8 14. Na3 $146 ({Vorgänger:} 14. Qa4 a6 15. Qd1 Nf6 16. Nc3 Re8 {½-½ (27) Vassalo,C-Santana Filho,L Brazil CXEB 1995}) 14... Nf6 15. Be1 Ne4 16. Rc2 Nd6 17. Rac1 a6 18. Ne5 {[%cal Re5c6]} Nxe5 19. dxe5 Ne4 (19... Rxc2 $11 20. Qxc2 Nf5) 20. Rxc8 $16 Bxc8 {[#]} 21. Bxe4 $1 {Ld3 ist eine echte Drohung.} dxe4 22. Nc4 b5 {[#]} 23. Nd6 $1 {[%mdl 512]} Bxd6 24. exd6 {[%cal Be5d6,Bd6d7][%mdl 32]} Bb7 (24... f6 $16 {war angesagt.} 25. Ba5 Qe8) 25. Qa3 (25. Rc7 $18 {bietet bessere Gewinnchancen.}) 25... Qg5 $2 {[%mdl 8192]} (25... f6 $16) 26. d7 $18 {Weiss droht Dxf8+! und Matt.} Rd8 27. Qd6 {Precision: Weiß = 62%, Schwarz = 25%.} 1-0

[Event "Silver Lake Open-A 2018"]
[Site "Veliko Gradiste"]
[Date "2018.06.20"]
[Round "5"]
[White "Savic, Miodrag R"]
[Black "Stoyanov, Tsvetan"]
[Result "1-0"]
[WhiteElo "2545"]
[BlackElo "2363"]
[Annotator "TA"]
[PlyCount "125"]
[EventDate "2018.06.17"]
[EventType "swiss"]
[EventCountry "SRB"]
[SourceTitle "playchess.com"]
[Source "ChessBase"]
[SourceQuality "1"]

{[%evp 22,125,0,0,0,0,0,-5,14,10,18,14,18,29,25,10,6,-9,20,0,0,-18,0,0,0,0,14,-8,25,28,39,19,21,12,28,22,52,10,16,13,46,49,66,49,85,97,127,115,120,111,140,109,133,127,123,121,120,124,204,193,222,222,221,209,213,213,209,180,236,240,214,225,223,220,405,404,391,360,358,353,1159,1256,2457,2274,1610,421,1586,1547,676,648,7288,9743,1954,1887,2701,1604,12844,12844,12845,12845,12845,12846,12846,12847,12847,12847]} 1. e4 e5 2. Bc4 Nc6 3. d3 Bc5 4. Nf3 Nf6 5. c3 O-O 6. O-O d5 7. exd5 Nxd5 8. Nbd2 Nb6 9. Bb5 Bd6 10. Re1 Bg4 11. h3 Bh5 12. Ne4 {LiveBook: 49 Games. C55: Two Knights: 4 d3, 4 d4 exd4 5 e5 and Max Lange Attack} f6 (12... f5 13. Ng3 Bxf3 14. Qxf3 Qd7 15. Bd2 a6 16. Bxc6 Qxc6 17. Qxc6 bxc6 18. c4 Na4 19. Bc1 Rad8 {½-½ (52) Nepomniachtchi,I (2751)-Karjakin,S (2773) Saint Louis 2017}) 13. Ng3 Bf7 14. Nf5 {The position is equal.} Ne7 $146 15. Nxe7+ Bxe7 16. d4 $1 exd4 17. Nxd4 Bc5 18. Nb3 Bd6 19. Qf3 Bd5 20. Qh5 {White wants to play Bd3.} Bf7 21. Qh4 a6 22. Bf1 Re8 23. Be3 Nd5 24. Bd2 Ne7 25. Bc4 {aiming for Bxf7+.} Rf8 26. Rad1 Ng6 27. Bxf7+ Rxf7 28. Qe4 c6 29. Nd4 Re7 30. Qc2 $36 {[%mdl 2048] Black is under pressure.} Be5 31. Nf5 Rd7 32. Be3 Ne7 33. Qb3+ Nd5 34. Bd4 Bxd4 35. Rxd4 {[#] Hoping for c4.} (35. cxd4 $6 Qb6 $11) 35... g6 36. Ne3 Qe8 37. Red1 Rad8 38. Nxd5 cxd5 39. Rxd5 Rxd5 (39... Kg7 $16 40. c4 Qe6) 40. Rxd5 $16 {[%mdl 4096] Endgame KQR-KQR} Qe1+ 41. Kh2 {[#] White wants to mate with Rd7+.} Rxd5 42. Qxd5+ $18 {KQ-KQ} Kf8 43. Qc5+ (43. Qxb7 $6 Qxf2 44. Qb8+ Kf7 $16) 43... Kg7 44. Qe3 Qb1 (44... Qxe3 {was worth a try.} 45. fxe3 Kf7) 45. Qe7+ Kg8 46. Qe6+ ({But not} 46. Qxf6 $6 Qxb2 47. a4 Qa2 $16) ({Much less strong is} 46. Qxb7 $6 Qxa2 47. Kg3 Qc4 $16) 46... Kg7 47. b4 Qb2 $2 (47... g5 48. Qe7+ Kg6) 48. Qe7+ Kg8 49. Qxb7 Qxf2 {intending ...Qf4+.} 50. Qb8+ ({Not} 50. Qxa6 Qf4+ 51. Kg1 Qe3+ 52. Kf1 Qxc3 $16) 50... Kg7 $2 (50... Kf7 51. a4 f5) 51. a4 {White is clearly winning.} f5 52. b5 axb5 53. axb5 {Threatens to win with b6.} f4 (53... Kf7 $142 54. Qe5 Qb6) 54. Qb7+ Kf6 55. Qf3 Qd2 56. b6 Qd6 57. b7 h5 58. c4 {[%cal Bc3c4,Bc4c5,Bc5d6][%mdl 32]} g5 59. c5 Qc7 60. Qd5 f3+ 61. Qd6+ Qxd6+ 62. cxd6 f2 63. b8=Q {Precision: White = 70%, Black = 37%.} 1-0

[Event "Silver Lake Open-A 2018"]
[Site "Veliko Gradiste"]
[Date "2018.06.20"]
[Round "5"]
[White "Atalik, Suat"]
[Black "Velickovic, Sasa"]
[Result "1-0"]
[WhiteElo "2512"]
[BlackElo "2275"]
[Annotator "TA"]
[PlyCount "149"]
[EventDate "2018.06.17"]
[EventType "swiss"]
[EventCountry "SRB"]
[SourceTitle "playchess.com"]
[Source "ChessBase"]
[SourceQuality "1"]

{[%evp 20,149,42,45,54,43,40,-17,37,22,32,16,35,21,12,0,0,0,0,0,69,5,94,85,97,97,120,114,116,107,118,97,107,107,107,103,104,76,76,76,104,104,119,119,119,77,75,59,126,127,133,135,127,127,145,101,104,97,126,130,135,121,170,164,166,162,158,50,153,64,86,86,135,40,93,77,135,63,104,64,172,52,156,138,185,185,185,185,185,185,185,185,192,185,185,185,242,185,198,194,291,256,408,250,625,593,495,393,407,388,443,335,372,359,382,379,436,63,105,22,35,-162,187,180,194,184,552,238,1050,888,29980,29982]} 1. d4 Nf6 2. c4 c5 3. d5 e6 4. Nc3 exd5 5. cxd5 d6 6. Nf3 g6 7. Nd2 Nbd7 8. e4 a6 9. a4 Bg7 10. Be2 O-O 11. O-O Rb8 {A74: Benoni (Hauptsystem)} 12. Ra3 Ne8 13. Nf3 $146 (13. h3 $14) ({Vorgänger:} 13. Re1 Nc7 14. Rb3 Nf6 15. a5 Bd7 16. h3 Nfe8 17. Bf1 Nf6 18. Rb6 Bb5 19. Nxb5 axb5 20. Bxb5 {1-0 (47) Jakovenko,D (2721)-Ponkratov,P (2603) Khanty-Mansiysk 2013}) 13... b6 (13... Ne5 $11) 14. Bg5 f6 15. Bh4 Nc7 16. Rb3 Bh6 17. Nd2 Ne5 $1 18. Nc4 $36 {[%mdl 2048] Weiss hat Druck.} Nxc4 19. Bxc4 Kh8 (19... Bf4 $1 $11) 20. Qd3 (20. f4 $14) 20... Qe8 (20... Bf4 $11 {hält das Gleichgewicht.}) 21. Bg3 $16 Qd8 22. f4 $1 {[%cal Bf2f4,Bf4f5][%mdl 32]} Bg7 23. f5 g5 24. Bf2 Qd7 25. g4 Rg8 26. Rd1 Bf8 27. h3 Rg7 28. Kg2 Qe8 29. Ra1 Qd7 30. Bg3 Qe8 31. Qe2 Be7 32. Rh1 Bd7 {Schwarz will ...b5 spielen.} 33. Bxa6 Bxa4 (33... Nxa6 $14 34. Qxa6 Ra8) 34. Nxa4 Qxa4 35. Ra3 Qd7 36. Bd3 b5 37. b4 c4 38. Bc2 Ne8 39. Bf2 Bd8 40. Ra6 $1 Qc8 41. Rha1 $1 Rgb7 42. h4 $1 gxh4 43. Rc6 (43. Bxh4 $6 Bb6 $14) (43. Bd4 $16) 43... Qd7 (43... Rc7 $14) 44. Raa6 (44. Bxh4 $6 Bb6 $11) (44. Bd4 $1 $16) 44... Qg7 45. Kh3 ({Viel schwächer wäre} 45. Bxh4 Bb6 $11) 45... Be7 46. Bxh4 (46. Qf3 $16) 46... Nc7 (46... Qh6 $14) 47. Ra3 Ne8 (47... Qh6 $142) 48. Qe3 ({Lieber} 48. Bf2 $1 $16) 48... Bf8 49. Qd4 h6 ({Günstiger ist} 49... Kg8 $14) 50. Raa6 (50. Bd1 $18) 50... Kg8 (50... h5 $1 $14 51. gxh5 Qh6) 51. Bd1 Qf7 52. Bg3 Rd8 53. Bf4 Kh7 54. Ra3 Qe7 55. Kg2 Bg7 56. Bc2 Rdd7 57. Rca6 Rd8 (57... Kg8 {war angesagt.} 58. Rc6 Qd8) 58. Qd2 Rdd7 59. Rh3 {[%cal Rf4h6]} Qf8 (59... Kg8 $142 60. Bxh6 Bxh6 61. Qxh6 Qg7) 60. Be3 Rd8 (60... Kg8 {war einen Versuch wert.} 61. Ra8 (61. Bxh6 Bxh6 62. Rxh6 Rh7 $16) 61... Re7) 61. Ra1 Rc8 $2 {[#]} (61... Kg8 62. Bxh6 Bxh6 63. Rxh6 Rdd7) 62. Bxh6 $1 $18 {[%mdl 512]} Kg8 (62... Bxh6 63. Rah1) 63. Be3 c3 64. Qd3 Rc4 65. Bd4 Rxb4 66. Bxc3 Rc4 67. Bb3 Rc8 68. g5 $2 (68. Bb2 $18) 68... fxg5 $14 69. Bxg7 ({Besser ist} 69. Bd4 $16 g4 70. Rg3 Bxd4 71. Qxd4) 69... Qxg7 $11 70. Re1 $2 (70. f6 $1 $14 Nxf6 71. e5 $1 {[%mdl 512]}) 70... b4 $4 {[%mdl 8192] [#]} (70... g4 $19 {vermeidet das Desaster.} 71. Rg3 Nf6) 71. f6 $1 $18 {[%cal Rf6g7]} Nxf6 {Weiss muss nun ...Tc3 beachten.} 72. e5 Nd7 $2 (72... Rf7) 73. exd6 ({Schwächer ist} 73. Qf5 Re8 $14) (73. Reh1 $142 {zielt auf Th7 ab.} Re8 74. Rh7 Nxe5 75. Rxg7+ Rxg7 76. Qe3) 73... Nc5 $2 (73... Rc3 74. Qf5 Rxh3 75. Qe6+ (75. Qxh3 Nf8 $14) 75... Qf7 76. Qxh3 g4 77. Qxg4+ Qg7 78. Re8+ Nf8 79. Qxg7+ Rxg7+ 80. Kf3 Rd7) 74. Qc2 Rf8 75. Re7 {Precision: Weiß = 38%, Schwarz = 35%.} 1-0

[Event "Silver Lake Open-A 2018"]
[Site "Veliko Gradiste"]
[Date "2018.06.20"]
[Round "5"]
[White "Sanal, Vahap"]
[Black "Dudukovic, Nikola"]
[Result "0-1"]
[WhiteElo "2510"]
[BlackElo "2385"]
[Annotator "TA"]
[PlyCount "106"]
[EventDate "2018.06.17"]
[EventType "swiss"]
[EventCountry "SRB"]
[SourceTitle "playchess.com"]
[Source "ChessBase"]
[SourceQuality "1"]

{[%evp 20,106,25,0,0,0,5,-11,-3,-18,-15,-29,-20,-20,-14,-46,-49,-69,-31,-75,-61,-106,-87,-70,-68,-73,0,-85,-62,-74,-50,-66,-60,-124,-122,-196,-40,-31,-31,-27,-27,-36,-42,-53,-44,-41,-33,-44,-10,-15,-10,-12,-12,-29,-10,-12,0,0,0,-24,14,18,101,0,0,-91,-91,-85,-88,-160,-143,-156,-154,-239,-235,-307,-197,-200,-194,-206,-196,-203,-136,-649,-645,-5501,-5501,-29993,-29994]} 1. e4 e5 2. Nf3 Nc6 3. Bb5 {[%cal Bf1b5,Bb5a4,Ba4b3,Bb3a2][%mdl 32]} a6 4. Ba4 Nf6 5. O-O Be7 6. d3 b5 7. Bb3 O-O 8. Nc3 d6 9. a3 Na5 {C77: Spanische Partie (Anderssen-Variante)} 10. Ba2 c5 (10... Be6 11. b4 Bxa2 12. Rxa2 Nc6 13. Bg5 Ng4 14. Bd2 Nf6 15. Bg5 Ng4 16. Bd2 Nf6 17. Bg5 {½-½ (17) Vachier Lagrave,M (2789)-Carlsen,M (2843) Stavanger 2018}) 11. Nd5 {LiveBook: 7 Partien} Nxd5 {Die Stellung ist ausgeglichen.} 12. Bxd5 Bb7 13. b4 Bxd5 14. exd5 Nb7 15. Re1 Qd7 $146 ({Vorgänger:} 15... f5 16. bxc5 Nxc5 17. d4 exd4 18. Nxd4 Bf6 19. Rb1 Qd7 20. Ne6 Rf7 21. Qf3 {½-½ (21) Gharamian,T (2639)-Kelires,A (2464) Paleochora 2016}) 16. c3 Rfc8 17. Bb2 f5 18. Qb3 Bf6 19. h3 a5 20. Rad1 Qf7 21. Nd2 Bg5 22. Nf3 Bf6 (22... Be7 $17) 23. Ba1 (23. Nd2 $1 $11) 23... axb4 24. axb4 cxb4 25. cxb4 Nd8 26. Bb2 {[#]} (26. Nd2 $15) 26... Nc6 $1 $17 {[%mdl 512]} 27. g4 (27. Nd2 $17 Ne7 28. Ra1) (27. dxc6 Qxb3) 27... Bd8 $2 (27... fxg4 $19 28. hxg4 Rf8) 28. gxf5 $15 Ne7 29. d4 e4 30. Ng5 Qh5 31. Nxe4 Nxf5 32. Rd3 Qg6+ {[%mdl 1024] Schwarz hat Kompensation.} 33. Kh2 Bh4 34. Rf3 Rf8 35. Qd3 Qh5 36. Qd1 Ra2 37. Bc1 Qf7 38. Qb3 Raa8 39. Rg1 Qh5 40. Qd3 Ne7 (40... Be7 $11 {bleibt in der Remisbreite.}) 41. Rf4 (41. Rg4 $16) 41... Ng6 $36 {[%mdl 2048] Schwarz drückt.} 42. Rfg4 (42. Rxf8+ $11 Rxf8 43. Bg5) 42... Qxd5 $17 43. Be3 Qf5 44. R1g2 {[#]} ({Lieber} 44. d5) 44... Be7 $1 45. Qb3+ d5 46. Ng3 (46. Bg5 $17 Bxg5 47. Nxg5) 46... Qf3 $19 47. Rg1 Bd6 {Droht stark ...Se7.} 48. Qd1 Qf7 ({Keinesfalls} 48... Bxb4 49. Qxf3 Rxf3 50. Rb1 $17) 49. Kh1 Ra3 50. Qe2 Qe6 51. Qxb5 $2 {[%mdl 8192] [#]} (51. Rf1 $17) 51... h5 $1 {[%mdl 512]} 52. Nxh5 {[#] De2 ist eine echte Drohung.} Rxf2 $1 {[%csl Gd6][%cal Rf2h2][%mdl 512]} 53. Nf4 (53. Bxf2 Rxh3+) 53... Bxf4 {Precision: Weiß = 33%, Schwarz = 63%.} 0-1

[Event "Silver Lake Open-A 2018"]
[Site "Veliko Gradiste"]
[Date "2018.06.20"]
[Round "5"]
[White "Damljanovic, Branko"]
[Black "Petrov, Nikita"]
[Result "1/2-1/2"]
[WhiteElo "2499"]
[BlackElo "2589"]
[Annotator "TA"]
[PlyCount "25"]
[EventDate "2018.06.17"]
[EventType "swiss"]
[EventCountry "SRB"]
[SourceTitle "playchess.com"]
[Source "ChessBase"]
[SourceQuality "1"]

{[%evp 18,25,4,6,7,0,16,12,24,26]} 1. c4 e5 2. g3 Nf6 3. Bg2 c6 4. d4 exd4 5. Qxd4 Na6 $146 (5... d5 6. Nf3 Be6 7. cxd5 cxd5 8. Be3 Nc6 9. Qa4 Bb4+ 10. Nbd2 O-O 11. O-O d4 12. Bg5 h6 13. Bxf6 Qxf6 14. Ne4 {½-½ (64) Vallejo Pons,F (2710)-Inarkiev,E (2727) Moscow 2017}) 6. Nf3 {A20: Englische Eröffnung} Bc5 7. Qe5+ Be7 8. O-O O-O 9. Nc3 Re8 10. Qd4 {LiveBook: 16 Partien} Nc5 11. b3 a5 12. Ba3 d6 13. Rad1 1/2-1/2

[Event "Silver Lake Open-A 2018"]
[Site "Veliko Gradiste"]
[Date "2018.06.20"]
[Round "5"]
[White "Gazik, Viktor"]
[Black "Karthik, Kumar Pradeep"]
[Result "1/2-1/2"]
[WhiteElo "2490"]
[BlackElo "2281"]
[Annotator "TA"]
[PlyCount "165"]
[EventDate "2018.06.17"]
[EventType "swiss"]
[EventCountry "SRB"]
[SourceTitle "playchess.com"]
[Source "ChessBase"]
[SourceQuality "1"]

{[%evp 11,165,0,-9,-14,-23,-25,-18,-31,-29,-50,-43,-55,-47,-60,-60,-67,-66,-87,-82,-85,-76,-82,-84,-70,-70,-76,-69,-66,-64,-59,0,-87,-82,-83,-12,-31,0,0,0,0,0,0,0,0,14,-45,-40,-37,0,0,0,0,80,36,52,55,53,26,35,35,35,39,39,0,8,0,22,14,14,13,22,11,22,22,25,22,21,22,47,37,39,37,37,39,33,41,41,44,112,112,212,213,320,309,304,112,112,112,112,108,108,103,103,103,130,130,126,103,103,103,140,100,100,85,85,52,60,52,55,52,52,52,157,8,8,8,8,8,8,0,0,0,0,0,0,0,0,0,0,0,0,0,0,0,0,0,0,0,0,0,0,0,0,0,0,0]} 1. d4 Nf6 2. Nc3 d5 3. Bf4 e6 4. Nb5 Na6 {[%cal Bb8a6,Ba6b4,Bb4c6][%mdl 32]} 5. e3 {[%cal Be2e3,Be3e4][%mdl 32]} c6 6. Nc3 {D00: 1 d4 d5: Unusual lines} Bb4 {LiveBook: 6 Games} (6... Nc7 7. Nf3 Bd6 8. Ne5 O-O 9. Qf3 Bb4 10. Bd3 Nb5 11. O-O Nxc3 12. bxc3 Bxc3 {0-1 (33) Jobava,B (2690)-Anand,V (2782) Riadh 2017}) 7. Bd3 O-O $146 ({Predecessor:} 7... c5 8. Bxa6 Bxc3+ 9. bxc3 bxa6 10. dxc5 O-O 11. Qd4 Qa5 {1-0 (33) Bagi,M (2378)-Dankhazi,A (2203) Zalakaros 2014}) 8. Nge2 {Black has an edge.} Be7 9. e4 Nb4 10. e5 Nd7 11. O-O c5 12. dxc5 Nc6 13. Ng3 Ndxe5 14. Bxe5 Nxe5 15. Bxh7+ Kxh7 16. Qh5+ Kg8 {...Bf6 is the strong threat.} 17. Qxe5 Bxc5 18. Rad1 {[%cal Rc3d5]} f6 19. Qh5 {[%cal Rc3d5]} Qe8 20. Qf3 {Threatening Nxd5!} Bd7 {[#]} (20... Bb6 $15) 21. Rfe1 {[#]} (21. Nxd5 $1 $11 {[%mdl 512]} Bc6 (21... exd5 22. Qxd5+) 22. Qc3 Bxd5 23. Qxc5) 21... Qf7 $1 $17 22. Nce2 Bc6 (22... b5 $17) 23. Nf4 $11 Rfe8 24. Qg4 $36 {[%mdl 2048] Black is under pressure.} f5 $1 25. Qg5 Be7 26. Qh5 Qxh5 27. Ngxh5 Bd7 28. c3 (28. Nxe6 $11 Bb4 29. c3 (29. Nhxg7 Bxe1 30. Nxe8 Rxe8 $17) 29... Bxc3 30. bxc3 Rxe6 31. Nf4 Rxe1+ 32. Rxe1) 28... Bd6 29. Ng6 Bc6 30. Nhf4 Kf7 $1 31. Ne5+ Kg8 (31... Bxe5 $1 $11 {keeps the balance.} 32. Rxe5 g5) 32. g3 g5 33. Nh3 $1 {[%cal Rh3g5]} g4 34. Nf4 Bxe5 35. Rxe5 Kf7 36. Rde1 {[%cal Rf4e6]} Bd7 37. h3 gxh3 38. Nxh3 Rg8 39. Kg2 Kf6 40. Nf4 {[%cal Rf4e6]} Rae8 41. R5e3 Rh8 42. f3 {[%cal Bf2f3,Bf3g4,Bg4g5][%mdl 32]} b6 43. g4 Rhg8 44. Kg3 fxg4 45. fxg4 Rg5 $1 46. Nh3 {And now Rf3+ would win.} Rg7 47. Re5 Reg8 48. g5+ Kf7 49. Kg4 Kf8 (49... Rh7 $14) 50. Nf4 $16 Rf7 (50... Kf7 $16 51. a3 a6) 51. g6 $18 ({Don't take} 51. Nxe6+ $6 Ke7 $16) 51... Rxf4+ (51... d4 $142 52. cxd4 Ke7) 52. Kxf4 Rxg6 53. Rg5 $2 (53. Rh5 $18) 53... Rxg5 $16 54. Kxg5 {[%mdl 4096] Endgame aiming for Kf6. KR-KB} Ke7 55. a3 a5 56. Re3 a4 57. Re1 Be8 58. Rh1 Bd7 59. Rh2 Kd6 60. Rh6 Ke5 61. Rh4 Kd6 62. Rb4 b5 63. Rh4 e5 64. Rh8 Kc5 65. Rd8 Bh3 66. Re8 Bg2 (66... Kc4 $14) 67. Rxe5 (67. Rc8+ $16 Kd6 68. Rd8+ Kc7 69. Re8) 67... Be4 $11 {The position is equal.} 68. Re8 Kc4 69. Kf4 {Hoping for Ke3.} Kb3 70. Ke3 {Strongly threatening Rb8.} Kxb2 71. Kd2 Bc2 72. Rb8 Bb3 73. Rxb5 Kxa3 {Threatens to win with ...Kb2.} 74. Kc1 Bc4 75. Rb4 Bb3 76. Kb1 Bc4 77. Ka1 Bb3 78. Kb1 Bc4 79. Kc2 Bb3+ 80. Kc1 Bc4 81. Rb1 Ka2 82. Rb2+ Ka3 83. Rb1 {Precision: White = 52%, Black = 65%.} 1/2-1/2

[Event "Silver Lake Open-A 2018"]
[Site "Veliko Gradiste"]
[Date "2018.06.20"]
[Round "5"]
[White "Milanovic, Danilo"]
[Black "Kosanovic, Goran A"]
[Result "1-0"]
[WhiteElo "2461"]
[BlackElo "2345"]
[Annotator "TA"]
[PlyCount "55"]
[EventDate "2018.06.17"]
[EventType "swiss"]
[EventCountry "SRB"]
[SourceTitle "playchess.com"]
[Source "ChessBase"]
[SourceQuality "1"]

{[%evp 18,55,-39,-36,-27,-25,-19,-20,-13,-35,0,0,0,0,0,-6,24,-7,27,13,12,15,28,32,25,25,33,-315,162,156,140,135,161,147,159,159,148,178,158,157]} 1. d4 d5 2. c4 c6 3. Nc3 Nf6 4. e3 e6 5. Bd2 Nbd7 (5... g6 6. Bd3 Bg7 7. Nf3 Nbd7 8. O-O O-O 9. Qc2 Re8 10. Rfe1 a6 11. Rad1 b5 12. cxd5 exd5 13. e4 b4 14. e5 bxc3 15. exf6 {½-½ (15) Ivanchuk,V (2738)-Sasikiran,K (2669) Matanzas 2017}) 6. Rc1 {D31: Queen's Gambit Declined: Semi-Slav without ...Nf6 (+ Marshall Gambit and Noteboom) and Exchange Variation lines without ...Nf6} Bd6 7. cxd5 exd5 8. Bd3 O-O 9. Nge2 Re8 10. f3 {LiveBook: 9 Games} Nh5 11. g3 Ndf6 $146 ({Predecessor:} 11... g6 12. O-O Bf8 13. Qe1 {1-0 (41) Drozdova,D (2256)-Romanko,M (2420) Tyumen 2012}) 12. O-O g6 13. Rf2 Bf8 14. Qf1 Bh6 15. Nd1 $1 Ng7 16. g4 Ne6 17. b4 a5 {next ...axb4 is good for Black.} 18. bxa5 c5 19. dxc5 Rxa5 20. Bxa5 Qxa5 21. h4 {[#] And now g5 would win.} Bf8 22. Nd4 $2 {[%mdl 8192]} (22. c6 $14) 22... Nxc5 $4 {[%mdl 8192]} (22... Nxd4 $19 23. Rb2 (23. exd4 $2 Re1 $19) (23. g5 $2 Nd7 $19) 23... Bg7) 23. Bb5 $18 {White is clearly better.} Bd7 24. g5 Bxb5 25. Qxb5 ({But not} 25. Nxb5 Nh5 $16) 25... Qxb5 26. Nxb5 Nd3 27. Rc7 ({Of course not} 27. gxf6 $6 Nxc1 28. Rc2 Nd3 $11) 27... Nxf2 28. Kxf2 {Precision: White = 52%, Black = 49%.} 1-0

[Event "Silver Lake Open-A 2018"]
[Site "Veliko Gradiste"]
[Date "2018.06.20"]
[Round "5"]
[White "Radovanovic, Nikola"]
[Black "Stevanic, David"]
[Result "1-0"]
[WhiteElo "2438"]
[BlackElo "2297"]
[Annotator "TA"]
[PlyCount "54"]
[EventDate "2018.06.17"]
[EventType "swiss"]
[EventCountry "SRB"]
[SourceTitle "playchess.com"]
[Source "ChessBase"]
[SourceQuality "1"]

{[%evp 17,54,17,26,0,36,28,30,9,7,9,8,10,11,11,22,12,19,9,75,75,225,225,222,226,226,226,223,222,222,228,236,212,235,226,233,233,233,233,227]} 1. e4 e5 2. Nf3 Nc6 3. Bc4 Bc5 4. d3 Nf6 5. O-O O-O 6. Bg5 h6 7. Bh4 Be7 {C50: Hungarian Defence and Giuoco Pianissimo} 8. Bg3 d6 9. a4 a5 {LiveBook: 6 Games. The position is equal.} 10. c3 $146 ({Predecessor:} 10. h3 Nd7 11. Re1 Kh8 12. c3 Nb6 13. Bb3 f5 14. exf5 Bxf5 {½-½ (25) Caruana,F (2808)-Aronian,L (2793) Stavanger 2017}) 10... Be6 {Threatening ...Bxc4.} 11. Nbd2 {[%cal Bb1d2,Bd2c4,Bc4e5,Be5d7][%mdl 32]} Nh5 12. Nxe5 (12. Re1 {is more complex.} g6 13. Bxe6 fxe6 14. Qc2 Bf6 15. d4) 12... Nxe5 13. Bxe5 Bxc4 14. Nxc4 dxe5 15. Qxh5 Qxd3 16. Nxe5 Qxe4 {[#] Threatens to win with ...g6.} 17. Rfe1 Qh4 (17... Qd5 $11 {remains equal.}) 18. Qf3 $16 b6 (18... Qf6 $16) 19. Nd7 $18 {White is clearly better.} Bd6 20. g3 ({Don't do} 20. Nxf8 $6 Qxh2+ 21. Kf1 Rxf8 $16) 20... Qc4 21. Nxf8 Rxf8 22. Qe4 Qb3 23. Re2 {[%cal Be1e2,Be2d2,Bd2d5][%mdl 32]} g6 24. Rd2 Kg7 25. Qd4+ f6 26. Qd5 Qxd5 27. Rxd5 Re8 {Precision: White = 72%, Black = 33%.} 1-0